Регионална библиотека "Любен Каравелов" - Русе

Първи стъпки в родната история (Запис номер 172243)

MARC детайли
000 -Лидер
Контролно поле с фиксирана дължина nam a22 a 4500
003 - Код на организацията, давaща контролен номер
Контролно поле BLK
005 - Дата и час на последна редакция
Контролно поле 20220630085358.0
008 - Елементи от данни с фиксирана дължина
fixed length control field 180411b bul|||||r ||||||| ||bul||
010 ## - Наследен системен номер
LC control number KNG00180553000
040 ## - Източник на каталожния запис
Идентификатор на билиотеката - собственик на записа BLK
041 ## - Код за език
Код за езика на текст/звукозапис или на отделно заглавие Български
Код за езика КДБФ Български
080 ## - УДК
Текстов определител УДК История в основното училище. Методика на обучението по история
УДК код - определител по УДК 372.893
УДК определител (072)
УДК - код + определител 372.893(072)
139 ## - Редно поле
Редна дума Първи стъпки в родната история
Авторски знак Пър - П 97
245 10 - Сведения за заглавието
Заглавие Първи стъпки в родната история
Редно поле (дума) Състав. Кръстю Георгиев Бонков.
257 ## - Страна на издаване
Страна на създаване/издаване България
260 ## - Област на издателските данни
Място на издаване, разпространение и проч. София
Име на издателя, разпространителя и проч. Нар. просв.
Година на издаване 1971
300 ## - Физическа характеристика
Страници 216 с.
Размери/Мащаб 20 см
380 ## - Жанр
Жанр Обществени науки
650 #0 - Допълнително описание по предмет – тема
9 (RLIN) 276000
Основно описание – тема или топоним История, българска
653 #7 - Ключова дума – ненормативна
9 (RLIN) 193034
Ключова дума основно образование
700 1# - Други автори (авторска отговорност)
Лично име Бонков, Кръстю Георгиев
Автороска отговорност (Описва отношението между автора и произведението) състав.
9 (RLIN) 380361
852 ## - Местоположение
Форматна сигнатура Цб 57593
Фондова буква Хранилище
856 4# - Електронен адрес и достъп
Електронен формат pdf - файл
856 4# - Електронен адрес и достъп
Електронен формат pdf - файл
999 ## - СИСТЕМНИ КОНТРОЛНИ НОМЕРА
Koha biblionumber 172243
Koha biblioitemnumber 172243
942 ## - АРТИКУЛИ
Вид на библиотечния материал Книги
Скрит в OPAC Не
Koha issues (borrowed), all copies 4
Периодичен библиозапис Да
944 ## - СЪЗДАВАНЕ И РЕДАКЦИЯ на ЗАПИСА
Създаване/Редакция Създаване
Дата на регистрацията/редакция 28.08.2015
Служител, извършил регистрацията/редакцията Валентина_Караджова
944 ## - СЪЗДАВАНЕ И РЕДАКЦИЯ на ЗАПИСА
Създаване/Редакция Редакция
Дата на регистрацията/редакция 2022-06-30
Служител, извършил регистрацията/редакцията Кети
999 ## - СИСТЕМНИ КОНТРОЛНИ НОМЕРА
Koha biblioitemnumber 172243
Наличности
Код за отписване Код за изгубен артикул Източник на класификационната схема Код за повреда Коз за рестрикции Код за отдаване Артикулен № Име на библиотеката - собственик Име на библиотеката, в която се намира в момента Статус (Текущо местоположение) Дата на вписване в системата Местоположение - отдел Цена в лева Инвентарен номер Систематично азбучна сигнатура Баркод Номер на екземпляра Цена в евро Служебна бележка Служебен тип на артикула Бележка за публиката
  Не е изгубен Universal Decimal Classification Не е повреден само за читалня ползва се в читалня 293307 Регионална библиотека "Любен Каравелов" Русе Регионална библиотека "Любен Каравелов" Русе Хранилище 1971-01-01 Хранилище 0.73 91243 Цб 57593 120000091243 1 0.37 Вид: Сф N: Сф Дата: 01.01.1971 Книги  
  Не е изгубен Universal Decimal Classification Не е повреден без рестрикции заемане за дома 293308 Регионална библиотека "Любен Каравелов" Русе Регионална библиотека "Любен Каравелов" Русе Заемна - подръчен фонд 1971-01-01 Заемна - подръчен фонд 0.73 91461 373.3.016:93/94/П 97 120000091461 2 0.37 Вид: Сф N: Сф Дата: 01.01.1971 Дата инв: 07.02.2018 Бележки инв: П2018 Книги  
Изтеглен Не е изгубен   Не е повреден без рестрикции заемане за дома 293309 Регионална библиотека "Любен Каравелов" Русе Регионална библиотека "Любен Каравелов" Русе   1971-01-01 Детски отдел 0.73 91639 ДН 372.893/П 97 91639 3 0.37 Вид: Сф N: Сф Дата: 01.01.1971 Дата инв: 11.09.2015 Бележки инв: Д2015 Книги Отч.N: 43/17 , Дата: 08.09.2017
Vip Innovations Ltd, Rousse, Bulgaria 2025